Sports Quiz

Random Sports or NBA Quiz

Who's Taller? (NBA-Style) Quiz Stats

 Plays Quiz not verified by Sporcle

Also try: Team Endings
Challenge
Share
Tweet
Embed
Score 0/20 Timer 02:00
1 Play Today
Player Choices Player % Correct
????
99.9%
????
99.1%
????
97.3%
????
96.1%
????
76%
????
75.5%
????
45.3%
????
44.6%
????
42%
????
37.3%
Player Choices Player % Correct
????
33.1%
????
28.2%
????
25.8%
????
24.4%
????
23.6%
????
23.3%
????
22.5%
????
17.8%
????
15.4%
????
13.4%

You're not logged in!

Compare scores with friends on all Sporcle quizzes.
Join for Free
OR
Log In

You Might Also Like...

Show Comments

Extras

Top Quizzes Today


Score Distribution

Your Account Isn't Verified!

In order to create a playlist on Sporcle, you need to verify the email address you used during registration. Go to your Sporcle Settings to finish the process.

Report this User

Report this user for behavior that violates our Community Guidelines.

Details: